[Event "CRO-chT4B Center North"]
[Site "Croatia"]
[Date "2016.04.03"]
[Round "1.1"]
[White "Radic, Stjepan"]
[Black "Novak, Milan"]
[Result "1-0"]
[WhiteElo "2044"]
[BlackElo "1846"]
[PlyCount "69"]
[EventDate "2016.04.03"]
[EventType "team-tourn"]
[EventRounds "11"]
[EventCountry "CRO"]
[SourceTitle "EXT 2019"]
[Source "ChessBase"]
[SourceDate "2018.10.10"]
[SourceVersion "1"]
[SourceVersionDate "2018.10.10"]
[SourceQuality "1"]

1. c4 e5 2. Nc3 Nc6 3. g3 h5 4. Nf3 Nh6 5. d3 Nf5 6. h4 a6 7. Bg2 Bc5 8. e3 d6 9. a3 Rb8 10. b4 Ba7 11. 0-0 f6 12. b5 axb5 13. cxb5 Nce7 14. d4 Be6 15. Re1 Bb6 16. Bb2 Ba5 17. e4 Nh6 18. Rc1 Ng4 19. d5 Bd7 20. a4 Kf7 21. Rf1 Rg8 22. Qd3 Ra8 23. Nd1 g5 24. Ne3 Ng6 25. hxg5 fxg5 26. Nc4 Bb4 27. Qb3 Bc5 28. Ncxe5+ N6xe5 29. Nxe5+ Nxe5 30. Bxe5 Qe7 31. Bb2 h4 32. e5 Bg4 33. Rxc5 dxc5 34. d6+ Qe6 35. Bd5 1-0

[Event "CRO-chT2 West"]
[Site "Croatia"]
[Date "2011.11.06"]
[Round "8.34"]
[White "Kukina, Mario"]
[Black "Radic, Stjepan"]
[Result "1/2-1/2"]
[WhiteElo "2034"]
[BlackElo "2121"]
[PlyCount "151"]
[EventDate "2011.03.12"]
[EventType "team-tourn"]
[EventRounds "9"]
[EventCountry "CRO"]
[SourceTitle "EXT 2014"]
[Source "ChessBase"]
[SourceDate "2013.11.20"]
[SourceVersion "1"]
[SourceVersionDate "2013.11.20"]
[SourceQuality "1"]

1. d4 Nf6 2. Nf3 g6 3. c4 Bg7 4. Nc3 d5 5. e3 0-0 6. Bd3 c6 7. 0-0 Bg4 8. h3 Bxf3 9. Qxf3 e6 10. b3 Nbd7 11. cxd5 exd5 12. Bb2 Re8 13. Rac1 Nf8 14. b4 a6 15. a4 Ne6 16. Ba3 Ng5 17. Qd1 Qd7 18. h4 Nge4 19. Bxe4 Nxe4 20. Nxe4 Rxe4 21. g3 Qh3 22. Qf3 Rxh4 23. Qg2 Qxg2+ 24. Kxg2 Re4 25. Rc3 Bf8 26. Rb1 Ree8 27. Bc1 Rac8 28. Bd2 Bd6 29. b5 axb5 30. axb5 c5 31. dxc5 Bxc5 32. Rbc1 b6 33. Rd3 Red8 34. Bc3 Bb4 35. Bf6 Re8 36. Rxc8 Rxc8 37. Rxd5 Kf8 38. Rd7 Ke8 39. Rb7 Bc5 40. Kf3 Ra8 41. Ke4 h5 42. Kd5 Rc8 43. Bd4 Rd8+ 44. Ke5 Rd7 45. Rb8+ Rd8 46. Rxd8+ Kxd8 47. Kf6 Ke8 48. f4 Be7+ 49. Ke5 Kd7 50. Bxb6 g5 51. fxg5 Bxg5 52. Kf5 Be7 53. Bd4 h4 54. gxh4 Bxh4 55. e4 Be7 56. Ke5 Kc7 57. Kd5 Bg5 58. b6+ Kb7 59. Kd6 Bd8 60. e5 Bg5 61. Kd5 Bd8 62. Bc5 Bg5 63. Bd4 Be7 64. Be3 Bh4 65. Ke4 Kc6 66. Kf5 Bd8 67. Bf2 Be7 68. Bg1 Bd8 69. Be3 Bh4 70. Bg5 Bf2 71. Bd8 Bd4 72. Bc7 Bc3 73. Kf6 Bb2 74. Ke7 Bxe5 75. Bxe5 Kxb6 76. Kxf7 1/2-1/2

[Event "CRO-chT2 West"]
[Site "Croatia"]
[Date "2011.04.09"]
[Round "4.55"]
[White "Radic, Stjepan"]
[Black "Konic, Zlatko"]
[Result "0-1"]
[WhiteElo "2121"]
[BlackElo "2082"]
[PlyCount "120"]
[EventDate "2011.03.12"]
[EventType "team-tourn"]
[EventRounds "9"]
[EventCountry "CRO"]
[SourceTitle "EXT 2014"]
[Source "ChessBase"]
[SourceDate "2013.11.20"]
[SourceVersion "1"]
[SourceVersionDate "2013.11.20"]
[SourceQuality "1"]

1. c4 Nf6 2. Nc3 e6 3. e4 Nc6 4. d4 Bb4 5. Bg5 h6 6. Bxf6 Qxf6 7. Nf3 e5 8. d5 Nd4 9. Be2 Nxe2 10. Qxe2 d6 11. h3 0-0 12. 0-0 Bxc3 13. bxc3 Qe7 14. Nd2 f5 15. exf5 Bxf5 16. Ne4 b6 17. Rae1 Rae8 18. Ng3 Bg6 19. Kh2 Rf4 20. f3 Ref8 21. Ne4 Qd7 22. Nd2 Qa4 23. Rc1 a5 24. g3 R4f6 25. Nb3 Qd7 26. Rf2 Qf7 27. Nd2 Qd7 28. Rcf1 Qa4 29. Ne4 R6f7 30. Kg2 Bf5 31. Re1 Bc8 32. Ra1 Qd7 33. Rh1 Ba6 34. Nd2 Qa4 35. Ra1 Bc8 36. Nb3 Qd7 37. Rh1 Qf5 38. Nd2 Qc2 39. c5 bxc5 40. Qc4 Qg6 41. Qa4 Bf5 42. Re1 h5 43. Qxa5 h4 44. g4 Bd3 45. Qa4 Qg5 46. Qd1 c4 47. Nf1 Qf4 48. Kg1 e4 49. Qd2 Qe5 50. Qe3 Qxc3 51. f4 Qa5 52. f5 Qxd5 53. Qg5 c3 54. Ne3 Qe5 55. Qxh4 Qc5 56. Kh1 c2 57. g5 Qxe3 58. Rxe3 c1Q+ 59. Kg2 Qxe3 60. g6 Qh6 0-1

[Event "CRO-chT2 West"]
[Site "Croatia"]
[Date "2010.03.27"]
[Round "1.46"]
[White "Radic, Stjepan"]
[Black "Grbac, Ivica"]
[Result "0-1"]
[WhiteElo "2104"]
[BlackElo "2089"]
[PlyCount "68"]
[EventDate "2010.03.27"]
[EventType "team-tourn"]
[EventRounds "9"]
[EventCountry "CRO"]
[SourceTitle "EXT 2012"]
[Source "ChessBase"]
[SourceDate "2011.11.24"]
[SourceVersion "1"]
[SourceVersionDate "2011.11.24"]
[SourceQuality "1"]

1. c4 Nf6 2. Nc3 g6 3. e4 d6 4. d4 Bg7 5. f4 Bg4 6. Nf3 Bxf3 7. Qxf3 Nc6 8. Be3 e5 9. fxe5 dxe5 10. d5 Nd4 11. Qd1 0-0 12. Be2 Nd7 13. 0-0 f5 14. exf5 Nxf5 15. Qd2 Nxe3 16. Qxe3 Qe7 17. Ne4 Qh4 18. Bf3 b6 19. Qg5 Qf4 20. g3 Qxg5 21. Nxg5 e4 22. Bxe4 Bxb2 23. Rxf8+ Rxf8 24. Rd1 Ba3 25. Ne6 Re8 26. Kg2 Bd6 27. Rc1 a5 28. Rc2 a4 29. Bd3 a3 30. Be2 Ra8 31. Bd1 Ra4 32. c5 bxc5 33. Rxc5 Nxc5 34. Nxc5 Rd4 0-1

[Event "Bujstina op"]
[Site "Buje"]
[Date "2009.02.05"]
[Round "2"]
[White "Juras, Zvonko"]
[Black "Radic, Stjepan"]
[Result "0-1"]
[WhiteElo "1964"]
[BlackElo "2098"]
[PlyCount "136"]
[EventDate "2009.01.29"]
[EventType "swiss"]
[EventRounds "7"]
[EventCountry "CRO"]
[SourceTitle "EXT 2019"]
[Source "ChessBase"]
[SourceDate "2018.10.10"]
[SourceVersion "1"]
[SourceVersionDate "2018.10.10"]
[SourceQuality "1"]

1. e4 c5 2. Nf3 e6 3. d4 cxd4 4. Nxd4 d6 5. c4 Bd7 6. Nc3 Nc6 7. Ndb5 Qb8 8. Be3 a6 9. Nd4 Nf6 10. Be2 Be7 11. Qd2 0-0 12. g4 Rd8 13. g5 Ne8 14. h4 Nxd4 15. Bxd4 b5 16. b3 b4 17. Nd1 Bc6 18. Bd3 e5 19. Bb2 f5 20. gxf6 Nxf6 21. Rg1 Be8 22. Qg5 g6 23. h5 Qa7 24. hxg6 Bxg6 25. Ne3 Nd5 26. Qf5 Nf4 27. Bc2 Rf8 28. Qg4 Rf6 29. Nf5 Bf8 30. 0-0-0 Kf7 31. Rd2 Rd8 32. Bxe5 dxe5 33. Rxd8 Bc5 34. Nh6+ Ke7 35. Ng8+ Kxd8 36. Nxf6 Bxf2 37. Rd1+ Bd4 38. Rxd4+ Qxd4 39. Qd1 Qxd1+ 40. Kxd1 Kc7 41. Kd2 Kd6 42. Ke3 a5 43. Bd1 h5 44. Nd5 Ne6 45. Nf6 h4 46. Bh5 Bxh5 47. Nxh5 Ng5 48. Nf6 Ke6 49. Ng4 Nh3 50. c5 Ng5 51. c6 Nf7 52. Kf3 Kd6 53. Ne3 Kxc6 54. Kg4 Nd6 55. Kxh4 Nxe4 56. Nc4 Kd5 57. Kg4 Nc3 58. Nxa5 Nxa2 59. Kf3 Nc3 60. Nc4 Kd4 61. Na5 e4+ 62. Kf2 Kd3 63. Ke1 e3 64. Nc6 Nd5 65. Kd1 Kc3 66. Na5 Nf4 67. Nc4 e2+ 68. Ke1 Kxb3 0-1